000 00880nam a2200313 a 4500
003 AR-BaBNM
005 20251128204629.0
008 082120s2002 ||||||||||||||000 | spa||
020 _a950-556-309-4
040 _cAR-BaBNM
245 0 0 _aDe Sarah Bernhardt a Lavelli
_bteatro francés y teatro argentino : 1890-1990
260 _aBuenos Aires
_bGalerna
_bRevista Espacio
_c1993
300 _a93 p.
490 0 _aCuadernos del GETEA
_vv. 3
650 4 _aLITERATURA ARGENTINA
650 4 _aSOCIOLOGIA CULTURAL
650 4 _aTEATRO
650 4 _aCRITICA LITERARIA
650 4 _aESTUDIOS CULTURALES
650 4 _aARTES ESCENICAS
650 4 _aARTE CONTEMPORANEO
650 4 _aARTE DE VANGUARDIA
653 _aTEORIA DEL TEATRO
653 _aINFLUENCIA CLASICA
655 _aLITERATURA
700 1 _aPellettieri, Osvaldo
_eeditor
942 _cBK
998 _cMARTIN
999 _c8151
_d8151